MANAGEMENT prescriptions for non-production classes of forest

Bibliographic Details
Other Authors: Shamsudin Ibrahim
Format: Book
Published: Kuala Lumpur : Institut Penyelidikan Perhutanan Malaysia , 2003
Series:Malayan forest records; no. 46
Subjects:

MARC

LEADER 00000cam a2200000 7i4500
001 0000002516
005 20030714.0
020 0 0 |a 9832181380 
090 0 0 |a 634.9209595   |b MAN 2003 
245 0 0 |a MANAGEMENT prescriptions for non-production classes of forest   |c Shamsudin Ibrahim ... (et al.) 
260 0 0 |a Kuala Lumpur :   |b Institut Penyelidikan Perhutanan Malaysia ,   |c 2003 
300 |a xiv, 154 :   |b ill. ;   |c 26 cm. 
440 0 0 |a Malayan forest records; no. 46 
500 0 0 |a Bibliography : p. 151-154 
650 0 0 |a Forest management   |z Malaysia 
650 0 0 |a Forests and forestry   |z Malaysia 
700 0 1 |a Shamsudin Ibrahim 
998 |a JPSM 
999 |a 0000004683   |b Monograph   |c Open Shelf   |e Default branch